000 00319nam a2200133 i 4500
001 bg
245 0 _aLaboratorium cieplnych maszyn tłokowych :
_bsilniki spalinowe.
250 _aWyd.3 popr.
260 _aPoznań,
_c1986.
040 _cBPK
041 _apol
942 _cKS
008 s pl f |000 0 pol
999 _c3549
_d3549
856 _uhttp://koha.tu.koszalin.pl/cgi-bin/koha/opac-detail.pl?biblionumber=3549
_yKatalog online BPK